000 00519nam a22001817a 4500
003 UA-OsUOA
001 8791
007 ta
008 20040927b un ||||| |||| 00| 0 ukr d
100 _aЗуб І.
942 _cSA
040 _aUA-OsUOA
_cUA-OsUOA
_dUA-OsUOA
245 _aНауково - практичний коментар Цивільного кодексу України
300 _aС.161-163
955 _a0
773 0 _w0
_tПраво України
_dКиїв
_d2004
_gN9
650 7 _aУкраїна
_2UDC
999 _c294952
_d294952